Un, due, tre /

Wedi'i Gadw mewn:
Manylion Llyfryddiaeth
Prif Awduron: Tognazzi, Ugo (Awdur), Vianello, Raimondo (Awdur)
Awduron Eraill: Buffagni, Roberto
Fformat: Llyfr
Iaith:Eidaleg
Cyhoeddwyd: Milano : Mondadori, 2001
Cyfres:Biblioteca umoristica Mondadori. I maestri della comicità
Pynciau:
Tagiau: Ychwanegu Tag
Dim Tagiau, Byddwch y cyntaf i dagio'r cofnod hwn!

MARC

LEADER 00000nam a2200000 ib4500
001 IT\ICCU\UBO\1568857
003 ItRI
005 20260115231850.0
008 020206s2001 it |||||| ||||| |||||c
015 |2 IT  |a 2002-7961 
020 |a 8804493127 
040 |b ita  |c importazione bologna sebina 
041 7 |a ita  |2 ISO-639-2 
100 1 |a Tognazzi, Ugo  |0 IT\ICCU\CFIV\047382  |4 aut 
245 1 0 |a Un, due, tre /  |c Ugo Tognazzi e Raimondo Vianello ; a cura di Roberto Buffagni. 
260 |a Milano :  |b Mondadori,  |c 2001 
300 |a 237 p. ;  |c 22 cm. 
650 7 |a Tognazzi, Ugo 
650 7 |a Vianello, Raimondo 
700 1 |a Buffagni, Roberto  |0 IT\ICCU\RAVV\071316 
700 1 |a Vianello, Raimondo  |0 IT\ICCU\SBLV\252873  |4 aut 
773 0 |w IT\ICCU\CFI\0531196  |t Il meglio di Tognazzi & Vianello  |a Tognazzi, Ugo  |0 IT\ICCU\CFIV\047382 
830 0 |a Biblioteca umoristica Mondadori. I maestri della comicità  |0 IT\ICCU\CFI\0502183 
942 |2 ddc  |c BK  |n 0 
952 |0 0  |1 0  |4 0  |6 DOC_858_914000000000000_TOG  |7 0  |9 14602  |a BO  |b BO  |d 2026-01-15  |i 15527  |l 0  |o DOC 858.914 TOG  |p BO15527  |r 2026-01-15 23:18:50  |w 2026-01-15  |x [Sebina 5] [1 v.]  |y BK  |z 1 v. 
999 |c 12595  |d 12595